[Event "ESP-ch 79th"]
[Site "Linares"]
[Date "2014.08.25"]
[Round "1"]
[White "Sanchez Aller, Fernando"]
[Black "Juan Delgado, Adrian"]
[Result "1-0"]
[WhiteElo "2352"]
[BlackElo "1949"]
[PlyCount "61"]
[EventDate "2014.08.25"]
[EventType "swiss"]
[EventRounds "9"]
[EventCountry "ESP"]
[SourceTitle "CBM 162 Extra"]
[Source "ChessBase"]
[SourceDate "2014.10.17"]
[SourceVersion "1"]
[SourceVersionDate "2014.10.17"]
[SourceQuality "1"]

1. e4 e6 2. d4 b6 3. Nf3 Bb7 4. Bd3 c5 5. c3 Nf6 6. e5 Nd5 7. dxc5 bxc5 8. 0-0 Nc6 9. Be4 Nb6 10. a4 Be7 11. a5 Nxa5 12. Nbd2 Nc6 13. Qc2 g5 14. h3 h5 15. Bxc6 Bxc6 16. Ne4 Rg8 17. Nexg5 Rxg5 18. Bxg5 Bxg5 19. Qh7 Be7 20. Qxh5 Bxf3 21. Qxf3 d5 22. exd6 Bxd6 23. Ra6 Qb8 24. Rfa1 Nc8 25. h4 Ke7 26. h5 Bh2+ 27. Kh1 Be5 28. Qc6 Kf6 29. Qxc5 Qxb2 30. f4 Bxc3 31. Qg5# 1-0

[Event "ESP-ch 78th"]
[Site "Linares"]
[Date "2013.08.30"]
[Round "2"]
[White "Navarro Lopez Menchero, Daniel"]
[Black "Juan Delgado, Adrian"]
[Result "1-0"]
[WhiteElo "2318"]
[BlackElo "1865"]
[PlyCount "85"]
[EventDate "2013.08.29"]
[EventType "swiss"]
[EventRounds "9"]
[EventCountry "ESP"]
[SourceTitle "CBM 156 Extra"]
[Source "ChessBase"]
[SourceDate "2013.10.22"]
[SourceVersion "1"]
[SourceVersionDate "2013.10.22"]
[SourceQuality "1"]

1. d4 d6 2. Nc3 Nd7 3. e4 Ngf6 4. Nge2 e5 5. f3 Be7 6. g4 c6 7. Be3 h6 8. Qd2 b6 9. 0-0-0 Bb7 10. Ng3 Qc7 11. Nf5 Bf8 12. d5 c5 13. h4 h5 14. g5 Ng8 15. f4 g6 16. Ng3 exf4 17. Bxf4 a6 18. Bh3 Bg7 19. Rhf1 Ne7 20. Rde1 Ne5 21. Nge2 b5 22. Ng1 b4 23. Nd1 a5 24. Nf3 Nc4 25. Qh2 a4 26. e5 dxe5 27. Nxe5 Nxe5 28. Bxe5 Bxe5 29. Qxe5 Qxe5 30. Rxe5 Kf8 31. d6 Nc6 32. Rxc5 Kg7 33. Bg2 Ra6 34. Rf6 b3 35. Nc3 bxa2 36. Nxa2 Ba8 37. d7 Nb8 38. Rc8 Nxd7 39. Rxh8 Rd6 40. Bxa8 Nxf6 41. Nc3 Nd7 42. Nxa4 f5 43. Bd5 1-0

[Event "Jaen 1st"]
[Site "Jaen"]
[Date "2013.08.12"]
[Round "1"]
[White "Cruz Ravina, Francisco Javier"]
[Black "Juan Delgado, Adrian"]
[Result "1-0"]
[WhiteElo "2345"]
[BlackElo "1865"]
[PlyCount "55"]
[EventDate "2013.08.12"]
[EventType "tourn"]
[EventRounds "9"]
[EventCountry "ESP"]
[SourceTitle "CBM 155 Extra"]
[Source "ChessBase"]
[SourceDate "2013.08.26"]
[SourceVersion "1"]
[SourceVersionDate "2013.08.26"]
[SourceQuality "1"]

1. e4 e6 2. d4 d5 3. Nc3 Nf6 4. Bg5 Be7 5. e5 Nfd7 6. h4 h6 7. Bxe7 Qxe7 8. f4 Nb6 9. Qd2 a6 10. 0-0-0 c5 11. dxc5 Qxc5 12. Ne4 Qc7 13. Nd6+ Ke7 14. Qb4 Kd8 15. Nxf7+ Qxf7 16. Qxb6+ Qc7 17. Qxc7+ Kxc7 18. Nf3 Rf8 19. g3 Nc6 20. c4 Ne7 21. Nd4 Bd7 22. Bh3 Rfc8 23. Kb1 dxc4 24. Bxe6 Bxe6 25. Nxe6+ Kb8 26. Rd7 Nf5 27. Nxg7 Nxg3 28. Re1 1-0

[Event "Andalucia-ch"]
[Site "Roquetas Almeria"]
[Date "2011.05.27"]
[Round "4.14"]
[White "Juan Delgado, Adrian"]
[Black "Aranaz Portugues, Jose Carlos"]
[Result "0-1"]
[WhiteElo "1672"]
[BlackElo "2103"]
[PlyCount "40"]
[EventDate "2011.05.14"]
[EventType "swiss"]
[EventRounds "8"]
[EventCountry "ESP"]
[SourceTitle "EXT 2024"]
[Source "ChessBase"]
[SourceDate "2023.10.10"]
[SourceVersion "1"]
[SourceVersionDate "2023.10.10"]
[SourceQuality "1"]

1. d4 e6 2. c4 f5 3. Nf3 Nf6 4. Bf4 Bb4+ 5. Nc3 Bxc3+ 6. bxc3 b6 7. e3 Bb7 8. Be2 0-0 9. 0-0 d6 10. Qb3 c5 11. Rfd1 Ne4 12. Bd3 Nc6 13. Bxe4 fxe4 14. Nd2 cxd4 15. Nxe4 Na5 16. Qc2 dxe3 17. Bxe3 Bxe4 18. Qxe4 Qe7 19. Rd4 Rac8 20. Rad1 Nb7 0-1